WWF Royal Rumble 1990 Entrants - Statistics

General Stats
  • This quiz has been taken 33 times
  • The average score is 24 of 30
Answer Stats
Draw Entrant % Correct
5 Randy Savage
100%
25 Hulk Hogan
95%
4 Jake Roberts
95%
30 Mr. Perfect
95%
1 Ted DiBiase
90%
11 André the Giant
86%
3 Marty Jannetty
86%
22 Rick Martel
86%
28 Rick Rude
86%
6 Roddy Piper
86%
19 The Canadian Earthquake
86%
8 Bret Hart
81%
18 Dino Bravo
81%
10 Dusty Rhodes
81%
26 Shawn Michaels
81%
27 The Barbarian
81%
21 The Ultimate Warrior
81%
13 Ax
76%
2 Koko B. Ware
76%
15 Smash
76%
23 Tito Santana
76%
20 Jim Neidhart
71%
7 The Warlord
71%
14 Haku
67%
29 Hercules
67%
24 The Honky Tonk Man
67%
9 Bad News Brown
62%
17 Jimmy Snuka
62%
16 Akeem
57%
12 The Red Rooster
48%
No matching quizzes found
Score Distribution
Percent of People with Each Score
Percentile by Number Answered
Your Score History
You have not taken this quiz